| 000 | 01733nam a2200409 a 4500 | ||
|---|---|---|---|
| 003 | BLK | ||
| 005 | 20240704165313.0 | ||
| 008 | 180413b bul|||||r ||||||| ||bul|| | ||
| 010 | _aKNG00018955000 | ||
| 020 | _a954-584-326-8 | ||
| 040 | _aBLK | ||
| 041 |
_aBUL _cBUL |
||
| 080 |
_aМузика _b78 _x.03(497.2)(035) _z78.03(497.2)(035) |
||
| 080 |
_aМузика _b78 _x.071(497.2)(035) _z78.071(497.2)(035) |
||
| 080 |
_aБиографии _b929 _x(497.2) _z929(497.2) |
||
| 100 | 1 |
_aКрачева, Лилия Николаева _eпърви автор _9261616 |
|
| 139 |
_aКрачева, Лилия _bК 89 |
||
| 245 | 1 | 0 |
_aКратка история на българската музикална култура _cЛилия Николаева Крачева. |
| 257 | _aBGR | ||
| 260 |
_bАбагар _c2001 _fСофия : Балкан прес _aСофия |
||
| 300 |
_a511 с. _bс портр., ил., ноти _c23 см |
||
| 380 | _a7 | ||
| 500 | _aНа кор. авт. Лили Крачева. - Съдържа и Дискусия за операта "Янините девет братя" / Любомир Пипков ; Нотни примери. | ||
| 650 | 4 |
_aМузика - България - история _9261617 |
|
| 650 | 4 |
_aКомпозитори, български _9241861 |
|
| 650 | 4 |
_aМузиканти, български _9260944 |
|
| 653 | _aмузика | ||
| 653 | _aбългарски композитори | ||
| 653 | _aистория на музиката | ||
| 852 |
_aЦб 210609 _bЦб |
||
| 856 | 4 |
_qpdf _u |
|
| 856 | 4 |
_qpdf _u |
|
| 942 |
_cKNG _n0 _03 |
||
| 944 |
_aCR _c15.01.2003 _k30552 _lВиолета Тройчева |
||
| 944 |
_aED _c11.07.2023 _kир |
||
| 999 |
_c17044 _d17044 |
||
| 999 | _d17044 | ||